000
00328nam a22001457a 4500
003
OSt
005
20170310131902.0
008
170310b xxu||||| |||| 00| 0 eng d
020
_a
9780495915782
040
_c
N/A
100
_a
Richard Roth
245
_a
Design Basics 3D
260
_a
USA
_b
Wadsworth
_c
2013
942
_2
lcc
_c
BK
999
_c
256274
_d
256273